Kronika československého a slovenského basketbalu

Saved in:
Bibliographic Details
Main Author: Gacík, Juraj (Author)
Format: Book
Language:Slovak
Published: Žilina : BADEM, 2000
Tags: Add Tag
No Tags, Be the first to tag this record!

MARC

LEADER 00000nam a22000003a 4500
001 stu56017
005 20150617225656.5
008 010104s2000----xo------------------slo-d
020 |a 80-968498-9-1 
040 |a STU  |b slo 
041 0 |a slo 
044 |a xo 
080 |a 796.3(031) 
100 1 |a Gacík, Juraj  |4 aut 
245 1 |a Kronika československého a slovenského basketbalu 
260 |a Žilina :  |b BADEM,  |c 2000 
300 |a 943 s 
996 |b 284EK83733  |c E*83733  |l EE01  |s A  |a 24  |w stu56017_0001